000 00259nam a2200085Ia 4500
245 0 _aCampbell's kingdom ; : and, The white south
100 _a INNES, Hammond London, 2003 Omnibus ed
_9104896
942 _cBK
008 210818s9999 xx 000 0 und d
999 _c478165
_d478164